the top 20 hip hop albums from the 2010's - Statistics

General Stats
  • This quiz has been taken 88 times
  • The average score is 11 of 20
Answer Stats
Picture Answer % Correct
To Pimp A Butterfly
95%
IGOR
94%
My Beautiful Dark Twisted Fantasy
93%
good kid, m.A.A.d city
91%
Flower Boy
88%
Rodeo
85%
KIDS SEE GHOSTS
84%
The Money Store
71%
DAYTONA
63%
Atrocity Exhibition
56%
TA13OO
56%
Piñata
53%
Run The Jewels 2
46%
Undun
45%
SATURATION III
21%
We got it from Here... Thank You 4 Your service
21%
4eva Is A Mighty Long Time
16%
Bottomless Pit
16%
The Powers That B
16%
GREY Area
14%
No matching quizzes found
Score Distribution
Percent of People with Each Score
Percentile by Number Answered
Your Score History
You have not taken this quiz